000 01869cam a2200613 i 4500
999 _c7665
_d7665
001 vtls000042395
003 NUKAT
005 20190117090242.0
008 021002s1985 pl g d |000 0 pol c
020 _a8321404588
035 _azz2002962764
039 9 _a201811092212
_bkopwsdsw
_c201808100018
_dAUTHORITY
_c201711070122
_dVLOAD
_c201711060931
_dqlb
040 _aGD U/AJ
_cGD U/AJ
_dGD U/TZ
_dGD U/ISSs
_dGL 001/FAN
_dWR U/JH
041 0 _apol
_aspa
100 1 _aMartí Marca, Antonio.
245 1 0 _aMały słownik hiszpańsko-polski, polsko-hiszpański /
_cAntonio Martí Marca, Juan Martí Marca, Barbara Jardel ; zarys gramatyki hisz. oprac. Jan Czochralski.
246 1 5 _aPequeño diccionario español-polaco, polaco-español
250 _aWyd. 4.
260 _aWarszawa :
_bWiedza Powszechna,
_c1985.
300 _aXXI, 717 s. ;
_c15 cm.
650 _aJęzyk hiszpański
_vsłowniki polskie.
650 _aJęzyk polski
_vsłowniki hiszpańskie.
951 _aKIEL_010 SAND_001
700 1 _aMartí Marca, Juan.
700 1 _aJardel, Barbara
_d(?-2015).
700 1 _aCzochralski, Jan Antoni
_d(1924-2004).
_eOprac.
710 2 _aPaństwowe Wydawnictwo Wiedza Powszechna.
_4pbl
_9809
982 _aBYDG_22 BYDG_24
942 _2ddc
_cBK
956 _aKR_119
960 _aGD_U
967 _aLUBL_U
980 _aSZCZ_U SZCZ_ZUT